000
00295nam a22001337a 4500
008
181009b xxu||||| |||| 00| 0 eng d
020
_a
9780805305432
041
_a
eng
080
_a
579
100
_a
11
101
_a
MIKB
245
_a
Fundamentals of Microbiology
_c
Alcamo
942
_2
udc
_c
BK
999
_c
49129
_d
49129